000 00670cam a22002413a 4500
001 30858
003 PGUSA
005 20140828083652.0
008 100104s2010||||xxu|||||s|||||000 p eng d
040 _aPGUSA
_beng
042 _adc
050 4 _aPQ
100 1 _aFreitas, A. Ferreira de
245 1 0 _aOs Litteratos em Lisboa :
_bPoemeto
_h[electronic resource] /
_cA. Ferreira de Freitas
260 _bProject Gutenberg,
_c2010
506 _aPublic domain in the USA.
516 _aElectronic text
653 _aPoetry
700 1 _aMota, Jerónimo da S.
830 0 _aProject Gutenberg
_v30858
856 4 0 _uhttp://www.gutenberg.org/ebooks/30858
942 _cEB
999 _c260113
_d260113